Statistics for Top Gin Exporting Countries

Click here to take the quiz!

General Stats

  • This quiz has been taken 34 times
  • The average score is 7 of 10

Answer Stats

$USDAnswer% Correct
645.1MillionUK
97%
9.1 MillionUSA
97%
29.7 MillionSpain
94%
24.4 MillionFrance
91%
71.1 MillionGermany
91%
11.8 MillionBelgium
73%
25.7 MillionNetherlands
73%
11.6 MillionIndia
61%
14.3 MillionSingapore
12%
6.6 MillionPanama
6%

Score Distribution

Percentile by Number Answered

Percent of People with Each Score

Your Score History

You have not taken this quiz